| 000 | 00557nam a2200205Ia 4500 | ||
|---|---|---|---|
| 003 | OSt | ||
| 005 | 20251110184146.0 | ||
| 008 | 210423s2006 xx 000 0 und d | ||
| 040 | _cAL | ||
| 041 | _aEnglish | ||
| 082 |
_a370 _2 EDIC |
||
| 100 |
_aMarlow Ediger _9115230 |
||
| 245 |
_aCommunity college _b: curriculum and teaching |
||
| 260 |
_aNew Delhi _bDiscovery Publishing House _c2006 |
||
| 300 |
_a82p. _bHB _c22.3x14.5cm. |
||
| 365 |
_b225 _cINR |
||
| 700 |
_aRao, Digumarti Bhaskara _9244850 |
||
| 906 | _acollege. ; Community | ||
| 942 |
_2ddc _cBK |
||
| 999 |
_c174360 _d174360 |
||